Situácia v odvádzaní a čistení komunálnych odpadových vôd v aglomeráciách pod 2 000 EO

Popis stavu v zbere odvádzaní a čistení komunálnych odpadových vôd v obciach patriacich do aglomerácií s počtom ekvivalentných obyvateľov menších ako 2000 v rokoch 2013 a 2014. Podklady boli získané od jednotlivých prevádzkovateľov stokových sietí a čistiarní odpadových vôd.

Na minha lista:
Detalhes bibliográficos
Autor principal: Mihalíkova, Mária
Outros Autores: Kralčáková, Milota, Balko, Tomáš
Formato: Capítulo de Livro
Idioma:eslovaco
Assuntos:
Tags: Adicionar Tag
Sem tags, seja o primeiro a adicionar uma tag!

MARC

LEADER 00000naa a2200000 4500
001 0247900
005 20221104113006.4
041 0 |a slo 
044 |a SK 
245 1 0 |a Situácia v odvádzaní a čistení komunálnych odpadových vôd v aglomeráciách pod 2 000 EO  |c Mária Mihalíkova, Milota Kralčáková, Tomáš Balko 
520 |a Popis stavu v zbere odvádzaní a čistení komunálnych odpadových vôd v obciach patriacich do aglomerácií s počtom ekvivalentných obyvateľov menších ako 2000 v rokoch 2013 a 2014. Podklady boli získané od jednotlivých prevádzkovateľov stokových sietí a čistiarní odpadových vôd. 
610 2 0 |a voda odpadová 
610 2 0 |a odpad komunálny 
610 2 0 |a čistota vôd 
610 2 0 |a čistiarne 
610 2 0 |a Slovensko 
610 2 0 |a obce 
100 1 |a Mihalíkova, Mária 
700 1 |a Kralčáková, Milota 
700 1 |a Balko, Tomáš